Net gains : (Registro nro. 2076)
[ vista simple ]
| 000 -CABECERA | |
|---|---|
| Campo de control | 00809cam a22002417a 4500 |
| 005 - FECHA Y HORA DE LA ULTIMA TRANSACCION | |
| Campo de control | 20160127154352.0 |
| 008 - ELEMENTOS DE LONGITUD FIJA—INFORMACION GENERAL | |
| Campo de control | 020812s2000 enka b i000 0 eng |
| 020 ## - ISBN | |
| ISBN | 2831704898 |
| 040 ## - FUENTE DE CATALOGACIÓN | |
| Agencia catalogadora original | DLC |
| Agencia transcriptora | DLC |
| Agencia Modificadora | DLC |
| -- | CO-BoIAVH |
| 041 0# - IDIOMA | |
| Código de idioma para texto/pista de sonido o título separado | Español |
| 044 ## - PAÍS DE PUBLICACIÓN | |
| País de publicación | Inglaterra |
| 082 04 - NUMERO DE CLASIFICACION DECIMAL DEWEY | |
| Número de clasificación | 333.956 |
| Número del ítem | D31n |
| 100 1# - ASIENTO PRINCIPAL--NOMBRE PERSONAL | |
| Nombre personal | Deere, Carolyn. |
| 9 (RLIN) | 14451 |
| 245 10 - MENCION DE TITULO | |
| Título | Net gains : |
| Parte restante del título | linking fisheries management, international trade, and sustainable development / |
| Mención de responsabilidad | Carolyn Deere. |
| 260 ## - PUBLICACION, DISTRIBUCION, ETC. (PIE DE IMPRENTA) | |
| Lugar de publicación, distribución, etc. | Cambridge : |
| Nombre del editor, distribuidor, etc. | IUCN, |
| Fecha de publicación, distribución, etc. | c2000. |
| 300 ## - DESCRIPCION FISICA | |
| Extensión | 94 páginas : |
| Otros detalles físicos | ilustraciones ; |
| Dimensiones | 30 x 21 cm. |
| 500 ## - NOTA GENERAL | |
| Nota general | Título de portada. |
| 504 ## - NOTA DE BIBLIOGRAFIA, ETC. | |
| Nota de bibliografía | Incluye referencias bibliográficas (páginas 78-88). |
| 650 #6 - ASIENTO SECUNDARIO DE MATERIA - TERMINO TEMATICO | |
| Término temático o nombre geográfico como elemento de entrada | Fondos de pesca. |
| Subdivisión general | Manejo |
| 9 (RLIN) | 55031 |
| 650 #6 - ASIENTO SECUNDARIO DE MATERIA - TERMINO TEMATICO | |
| Término temático o nombre geográfico como elemento de entrada | Comercio internacional |
| 9 (RLIN) | 4456 |
| 650 #4 - ASIENTO SECUNDARIO DE MATERIA - TERMINO TEMATICO | |
| Término temático o nombre geográfico como elemento de entrada | Pesca sostenible. |
| 9 (RLIN) | 18448 |
| 942 ## - ELEMENTOS ADICIONALES (KOHA) | |
| Sistema de clasificación | Dewey Decimal Classification |
| Tipo de ítem | Libro |
| Withdrawn status | Lost status | Sistema de Clasificación | Damaged status | No para préstamo | Colección | Inventariado | Ubicación Permanente | Ubicación actual | Fecha de adquisición | Fuente de Valor | Valor | Total Checkouts | Número topográfico | Inventario / Código de Barras | Date last seen | Ejemplar | Price effective from | Forma de adquisición | Tipo de material |
|---|---|---|---|---|---|---|---|---|---|---|---|---|---|---|---|---|---|---|---|
| Dewey Decimal Classification | General | Inventariado 2017 | Bogotá | Bogotá | 29/01/2001 | Instituto | 39000.00 | LB-333.956 D31n | 002575 | 04/12/2012 | Ej. 1 | 04/12/2012 | Libro |